|
|
|
|
| LEADER |
00000cam a22000004a 4500 |
| 001 |
musev2_75199 |
| 003 |
MdBmJHUP |
| 005 |
20230905051754.0 |
| 006 |
m o d |
| 007 |
cr||||||||nn|n |
| 008 |
200510t20172017mau o 00 0 eng d |
| 020 |
|
|
|a 9781684170913
|
| 020 |
|
|
|z 9780674976955
|
| 020 |
|
|
|z 1684170915
|
| 035 |
|
|
|a (OCoLC)1153530026
|
| 040 |
|
|
|a MdBmJHUP
|c MdBmJHUP
|
| 100 |
1 |
|
|a Cook, Constance A.,
|e author.
|
| 245 |
1 |
0 |
|a Ancestors, Kings, and the Dao /
|c Constance A. Cook.
|
| 264 |
|
1 |
|a Cambridge, Massachusetts :
|b Published by the Harvard University Asia Center,
|c 2017.
|
| 264 |
|
3 |
|a Baltimore, Md. :
|b Project MUSE,
|c 2021
|
| 264 |
|
4 |
|c ©2017.
|
| 300 |
|
|
|a 1 online resource (352 pages).
|
| 336 |
|
|
|a text
|b txt
|2 rdacontent
|
| 337 |
|
|
|a computer
|b c
|2 rdamedia
|
| 338 |
|
|
|a online resource
|b cr
|2 rdacarrier
|
| 490 |
0 |
|
|a Harvard-Yenching Institute monograph series ;
|v 107
|
| 588 |
|
|
|a Description based on print version record.
|
| 650 |
|
7 |
|a Zhou Dynasty (China)
|2 fast
|0 (OCoLC)fst01696787
|
| 650 |
|
7 |
|a Taoism and the arts
|2 fast
|0 (OCoLC)fst01764361
|
| 650 |
|
7 |
|a Laudatory poetry
|2 fast
|0 (OCoLC)fst00993504
|
| 650 |
|
7 |
|a Eulogies
|2 fast
|0 (OCoLC)fst00916476
|
| 650 |
|
7 |
|a Ancestor worship
|2 fast
|0 (OCoLC)fst00808464
|
| 650 |
|
7 |
|a HISTORY / Asia / China
|2 bisacsh
|
| 650 |
|
0 |
|a Taoism and the arts
|z China
|x History
|y To 1500.
|
| 650 |
|
0 |
|a Laudatory poetry.
|
| 650 |
|
0 |
|a Eulogies
|z China
|x History
|y To 1500.
|
| 650 |
|
0 |
|a Ancestor worship
|z China
|x History
|y To 1500.
|
| 651 |
|
7 |
|a China
|2 fast
|0 (OCoLC)fst01206073
|
| 651 |
|
0 |
|a China
|x History
|y Warring States, 403-221 B.C.
|
| 651 |
|
0 |
|a China
|x History
|y Zhou dynasty, 1122-221 B.C.
|
| 655 |
|
7 |
|a History
|2 fast
|0 (OCoLC)fst01411628
|
| 655 |
|
7 |
|a Electronic books.
|2 local
|
| 710 |
2 |
|
|a Project Muse.
|e distributor
|
| 830 |
|
0 |
|a Book collections on Project MUSE.
|
| 856 |
4 |
0 |
|z Texto completo
|u https://projectmuse.uam.elogim.com/book/75199/
|
| 945 |
|
|
|a Project MUSE - Custom Collection
|
| 945 |
|
|
|a Project MUSE - Archive Complete Supplement IX
|
| 945 |
|
|
|a Project MUSE - Archive Archaeology and Anthropology Supplement IX
|
| 945 |
|
|
|a Project MUSE - Archive Asian and Pacific Studies Supplement VIII
|